[Event "ProMoPro Open"]
[Site "Praha"]
[Date "2002.09.14"]
[Round "8.21"]
[White "Zikmund, Daniel"]
[Black "Kudrna, Jakub"]
[Result "1-0"]
[WhiteElo "2072"]
[BlackElo "1597"]
[PlyCount "199"]
[EventDate "2002.09.07"]

1. e4 e5 2. Nf3 Nc6 3. d4 exd4 4. Nxd4 Nf6 5. Nxc6 bxc6 6. Bd3 d5 7. e5 Ng4 8.
Bf4 Bc5 9. Bg3 O-O 10. O-O Re8 11. Re1 Rb8 12. h3 Nh6 13. b3 Nf5 14. Bh2 Be6
15. c3 a5 16. Nd2 Qh4 17. Qe2 Qe7 18. Nf3 h6 19. Qc2 Qd7 20. Rab1 Be7 21. Kh1
c5 22. Rbd1 c6 23. Bf4 Bf8 24. Kh2 Ne7 25. Bd2 Rb6 26. c4 Bf5 27. Bxf5 Qxf5 28.
Qc1 d4 29. Bxa5 Ra6 30. Qd2 Ng6 31. Bc7 Rea8 32. a4 Qd7 33. Bd6 Bxd6 34. exd6
Qxd6+ 35. Kg1 Rb8 36. Rb1 Rb4 37. Re8+ Nf8 38. Qd3 Rb8 39. Ree1 Ne6 40. Nd2 Qc7
41. Qf5 Qf4 42. Qd3 Qc7 43. Re4 Raa8 44. Rbe1 Nf4 45. Qf3 Ng6 46. h4 Qa5 47. h5
Nh8 48. Nf1 Qc3 49. Qf5 d3 50. Qxc5 d2 51. Nxd2 Qxd2 52. Qxc6 Rf8 53. Re8 Raxe8
54. Rxe8 Qc1+ 55. Kh2 Qf4+ 56. Kh3 Qf5+ 57. g4 Qxf2 58. Rxf8+ Kxf8 59. a5 Qe3+
60. Kg2 Qe2+ 61. Kg3 Qe3+ 62. Qf3 Qe1+ 63. Qf2 Qxa5 64. Qd4 Qe1+ 65. Kf3 Qf1+
66. Ke3 Qc1+ 67. Kd3 Qd1+ 68. Ke4 Qxg4+ 69. Kd5 Qxh5+ 70. Kc6 Qf3+ 71. Kc7 Qg3+
72. Qd6+ Qxd6+ 73. Kxd6 h5 74. b4 h4 75. b5 g5 76. b6 Ng6 77. b7 Kg7 78. b8=Q
Nf4 79. Qb2+ Kg6 80. c5 Ne6 81. c6 h3 82. Qe2 Kg7 83. Qg4 h2 84. Qg2 Kf6 85.
Qxh2 Kf5 86. Qf2+ Kg6 87. Ke7 Nf4 88. c7 Nd5+ 89. Kd7 Nxc7 90. Kxc7 f5 91. Kd6
f4 92. Ke5 Kf7 93. Kf5 Ke7 94. Qc5+ Kd7 95. Kxg5 f3 96. Qd5+ Ke7 97. Qxf3 Kd6
98. Qe4 Kc5 99. Kf6 Kd6 100. Qe5+ {cerny vzdal} 1-0

[Event "ProMoPro Open"]
[Site "?"]
[Date "2002.09.15"]
[Round "9.3"]
[White "Stross, Frantisek"]
[Black "Matras, Ondrej"]
[Result "1-0"]
[WhiteElo "2266"]
[BlackElo "2235"]
[PlyCount "33"]
[EventDate "2002.??.??"]

1. e4 e6 2. d4 d5 3. Nc3 Bb4 4. e5 c5 5. dxc5 Ne7 6. Nf3 Nbc6 7. Bd3 Qc7 8. Qe2
a6 9. O-O Bxc5 10. a3 Nd4 11. Nxd4 Bxd4 12. Re1 Ng6 13. Kh1 Qxe5 14. Bxg6 Qxe2
15. Nxe2 Bxf2 16. Bxf7+ Ke7 17. Rf1 {cerny vzdal} 1-0

[Event "ProMoPro Open"]
[Site "Praha"]
[Date "2002.09.15"]
[Round "9.13"]
[White "Londyn, Radek"]
[Black "Havlak, Lubomir"]
[Result "1-0"]
[WhiteElo "2176"]
[BlackElo "1726"]
[PlyCount "71"]
[EventDate "2002.09.07"]

1. e4 c5 2. Nf3 Nc6 3. d4 cxd4 4. Nxd4 e5 5. Nb5 a6 6. Nd6+ Bxd6 7. Qxd6 Qf6 8.
Qd1 Qg6 9. Nc3 Nge7 10. Be3 O-O 11. Qd2 d5 12. exd5 Nb4 13. O-O-O Bf5 14. Bc5
Nexd5 15. Nxd5 Nxd5 16. Bxf8 Rc8 17. c3 Bb1 18. Bd3 Bxd3 19. Qxd3 Qxd3 20. Rxd3
Nf4 21. Rd7 Kxf8 22. g3 Ne6 23. Rxb7 Nc5 24. Ra7 Rb8 25. Kc2 e4 26. b4 Nd3 27.
f3 Rc8 28. fxe4 Nxb4+ 29. Kb3 Nd3 30. Rd1 Nc5+ 31. Kb4 Ke8 32. Rd5 Ne6 33. Rxa6
Rb8+ 34. Rb5 Rxb5+ 35. Kxb5 Nc7+ 36. Kb6 {cerny vzdal} 1-0

[Event "ProMoPro Open"]
[Site "Praha"]
[Date "2002.09.15"]
[Round "9.20"]
[White "Trnka, Jaroslav"]
[Black "Kaiser, Rudolf"]
[Result "0-1"]
[WhiteElo "1784"]
[BlackElo "2054"]
[PlyCount "56"]
[EventDate "2002.09.07"]

1. d4 Nf6 2. Nf3 c5 3. d5 e6 4. c4 exd5 5. cxd5 d6 6. Nc3 g6 7. e4 Bg7 8. Bd3
O-O 9. O-O a6 10. a4 Bg4 11. h3 Bxf3 12. Qxf3 Nbd7 13. Qe2 Qb6 14. Kh1 Ne5 15.
f4 Nh5 16. Kh2 Nxd3 17. Qxd3 f5 18. exf5 gxf5 19. g4 fxg4 20. hxg4 Nxf4 21. Qc4
Be5 22. Bxf4 Bxf4+ 23. Kh3 Qxb2 24. Ne2 Be5 25. Qd3 c4 26. Qe4 Qd2 27. g5 Qd3+
28. Qxd3 28... cxd3 {bily vzdal} 0-1

[Event "ProMoPro Open"]
[Site "Praha"]
[Date "2002.09.15"]
[Round "9.18"]
[White "Janocko, Petr"]
[Black "Novak, Jindrich"]
[Result "1/2-1/2"]
[WhiteElo "1987"]
[BlackElo "1920"]
[PlyCount "89"]
[EventDate "2002.09.07"]

1. e4 a6 2. d4 b5 3. c4 Bb7 4. cxb5 axb5 5. Bd3 Nf6 6. Qe2 e6 7. Nf3 b4 8. O-O
Be7 9. Bf4 d6 10. Rc1 Nbd7 11. Qc2 c5 12. e5 Nd5 13. Bg3 dxe5 14. Nxe5 cxd4 15.
Bb5 N5f6 16. Qd1 O-O 17. Nxd7 Nxd7 18. Bc7 Qe8 19. Qxd4 Bd5 20. Nd2 Rc8 21. Ne4
f5 22. Ng3 f4 23. Bxf4 Bc5 24. Rxc5 Rxc5 25. Qxc5 Nxc5 26. Bxe8 Rxe8 27. Bd6
Nd3 28. h4 Rd8 29. Bc7 Rc8 30. Bb6 Nxb2 31. Nh5 Rc4 32. g3 Nd3 33. Be3 Rc2 34.
Nf4 Nxf4 35. gxf4 Bxa2 36. Rc1 Rxc1+ 37. Bxc1 h5 38. Kf1 Bc4+ 39. Ke1 Kf7 40.
Kd2 Kg6 41. Bb2 Kf5 42. Bxg7 Kxf4 43. Bf8 b3 44. Kc3 Bd5 45. Bc5 {remis}
1/2-1/2

[Event "ProMoPro Open"]
[Site "Praha"]
[Date "2002.09.15"]
[Round "9.9"]
[White "Stehno, Pavel"]
[Black "Hoskovec, Josef"]
[Result "1/2-1/2"]
[WhiteElo "2253"]
[BlackElo "1865"]
[PlyCount "55"]
[EventDate "2002.09.07"]

1. e4 d5 2. exd5 Qxd5 3. Nc3 Qd6 4. g3 Nf6 5. Bg2 a6 6. Nge2 Nc6 7. d4 Bf5 8.
Bf4 Qd7 9. a3 e6 10. O-O Be7 11. h3 h5 12. Qd2 Nd5 13. Rad1 O-O-O 14. Nxd5 exd5
15. Kh2 Rdg8 16. c4 g5 17. cxd5 Nd8 18. Bxc7 Kxc7 19. d6+ Bxd6 20. d5 h4 21.
Rh1 Bxh3 22. Bxh3 g4 23. Bg2 hxg3+ 24. Kg1 gxf2+ 25. Kxf2 Qf5+ 26. Kg1 Rxh1+
27. Bxh1 g3 28. Nd4 {remis} 1/2-1/2

[Event "ProMoPro Open"]
[Site "Praha"]
[Date "2002.09.15"]
[Round "9.23"]
[White "Cebis, Petr"]
[Black "Klimes, Petr"]
[Result "1-0"]
[WhiteElo "1692"]
[BlackElo "1767"]
[PlyCount "79"]
[EventDate "2002.09.07"]

1. e4 e5 2. d4 exd4 3. c3 d3 4. Bxd3 Nc6 5. Nf3 Bc5 6. O-O Nge7 7. Bg5 d6 8. h3
O-O 9. Nbd2 h6 10. Bh4 Be6 11. Bc2 Qd7 12. Nb3 Bb6 13. Bg3 f5 14. exf5 Bxf5 15.
Re1 Ng6 16. Qd5+ Kh8 17. Re2 Bxc2 18. Rxc2 Rae8 19. Rcc1 Nd8 20. Re1 Qf7 21.
Qd2 Ne5 22. Nxe5 dxe5 23. Re2 Nc6 24. Qc2 Re6 25. Kh2 Qf6 26. a4 a5 27. f3 Qg5
28. Re4 h5 29. Rae1 Qf5 30. Nd2 Bc5 31. Nc4 Bd6 32. Qb3 b6 33. Qb5 Ne7 34. Bxe5
Rxe5 35. Nxe5 c6 36. Qxb6 Ng6 37. Qd4 Rd8 38. f4 Nh4 39. g3 Bxe5 40. Qxd8+ {
cerny vzdal} 1-0

[Event "ProMoPro Open"]
[Site "Praha"]
[Date "2002.09.15"]
[Round "9.2"]
[White "Pribyl, Josef"]
[Black "Cernousek , Lukas"]
[Result "1/2-1/2"]
[WhiteElo "2409"]
[BlackElo "2294"]
[PlyCount "74"]
[EventDate "2002.09.07"]

1. c4 Nf6 2. Nc3 c6 3. e4 e5 4. Nf3 Qa5 5. Be2 Bb4 6. Qc2 O-O 7. O-O d5 8. cxd5
cxd5 9. Nxd5 Nxd5 10. exd5 Qxd5 11. Ng5 e4 12. d3 exd3 13. Bxd3 h6 14. Bh7+ Kh8
15. Be4 Qc5 16. Qe2 Nd7 17. a3 Ba5 18. b4 Qe5 19. bxa5 Nf6 20. Qb2 Qxb2 21.
Bxb2 hxg5 22. Bxf6 gxf6 23. Rac1 Re8 24. Bd5 Re7 25. f4 Be6 26. Bxe6 fxe6 27.
fxg5 fxg5 28. Rc5 Rg8 29. Kf2 Rf8+ 30. Ke2 Rf5 31. Rfxf5 exf5+ 32. Kf3 Rf7 33.
g4 fxg4+ 34. Kxg4 b6 35. Rxg5 Rf2 36. Kh3 Ra2 37. axb6 37... Rxa3+ {remis}
1/2-1/2

[Event "ProMoPro Open"]
[Site "Praha"]
[Date "2002.09.15"]
[Round "9.24"]
[White "Janota, Jiri"]
[Black "Hybl, Vladislav"]
[Result "0-1"]
[WhiteElo "1574"]
[BlackElo "1813"]
[PlyCount "124"]
[EventDate "2002.09.07"]

1. e4 e6 2. d4 d5 3. e5 c5 4. Nc3 cxd4 5. Nb5 Nc6 6. Nf3 a6 7. Nbxd4 Nge7 8.
Bd3 Qc7 9. Bf4 Nb4 10. O-O Nxd3 11. Qxd3 Ng6 12. Bg3 Be7 13. c3 O-O 14. Rfe1
Bd7 15. Qd2 h6 16. h4 Rfe8 17. h5 Nf8 18. Bf4 Nh7 19. g4 Qd8 20. Kg2 Ng5 21.
Nxg5 Bxg5 22. Bxg5 Qxg5 23. Qxg5 hxg5 24. Nf3 f6 25. Re3 Rac8 26. Rae1 Kf7 27.
Nd4 Re7 28. Rf3 Rh8 29. Rh1 Rh6 30. Re1 Ke8 31. exf6 gxf6 32. Rfe3 e5 33. Kg3
Kf7 34. f3 Re8 35. Nc2 Rc8 36. Nb4 Be6 37. Rd3 Rc5 38. Red1 e4 39. Rd4 exf3 40.
Nxd5 Bxd5 41. Rxd5 Rxd5 42. Rxd5 Ke6 43. Rf5 Rxh5 44. Rxf6+ Kxf6 45. gxh5 g4
46. c4 Kg5 47. b4 Kxh5 48. c5 Kg5 49. a4 Kf5 50. b5 axb5 51. c6 bxc6 52. a5 b4
53. a6 b3 54. a7 b2 55. a8=Q b1=Q 56. Qf8+ Ke5 57. Qf4+ Kd5 58. Qf7+ Kd4 59.
Qd7+ Ke3 60. Qe6+ Qe4 61. Qb3+ Qd3 62. Qe6+ 62... Kd2 {bily vzdal} 0-1

[Event "ProMoPro Open"]
[Site "Praha"]
[Date "2002.09.15"]
[Round "9.15"]
[White "Hackel, Ludek"]
[Black "Nepustil, Frantisek"]
[Result "0-1"]
[WhiteElo "2105"]
[BlackElo "1957"]
[PlyCount "86"]
[EventDate "2002.09.07"]

1. d4 g6 2. c4 c5 3. d5 d6 4. Nc3 Bg7 5. e4 e5 6. Bd3 Nf6 7. Nge2 a6 8. a4 Nbd7
9. O-O O-O 10. Bg5 h6 11. Bd2 Re8 12. Qc1 Kh7 13. Ng3 Qe7 14. Qc2 h5 15. Bg5
Qf8 16. f4 exf4 17. Rxf4 Ng4 18. e5 Ndxe5 19. Nxh5 Nxd3 20. Qxd3 Ne5 21. Qc2
Bg4 22. Nf6+ Bxf6 23. Bxf6 Nd7 24. Raf1 Nxf6 25. Rxf6 Re7 26. Ne4 Bf5 27. Ng5+
Kg8 28. R6xf5 gxf5 29. Qxf5 Qg7 30. Rf4 Re1+ 31. Kf2 Rae8 32. Rg4 R1e5 33. Qf4
Kf8 34. Ne6+ R5xe6 35. Rxg7 Re2+ 36. Kg3 R8e3+ 37. Kh4 Kxg7 38. Qxd6 Re4+ 39.
g4 Rxc4 40. Kh5 Rcc2 41. h4 Rc4 42. Qh6+ Kg8 43. d6 43... Re5+ {bily vzdal} 0-1

[Event "ProMoPro Open"]
[Site "Praha"]
[Date "2002.09.15"]
[Round "9.10"]
[White "Pinc, Miroslav"]
[Black "Novak, Vaclav"]
[Result "0-1"]
[WhiteElo "2221"]
[BlackElo "2111"]
[PlyCount "73"]
[EventDate "2002.09.07"]

1. d4 Nf6 2. Nf3 g6 3. g3 Bg7 4. Bg2 d5 5. O-O O-O 6. Nbd2 c6 7. b3 Ne4 8. Bb2
f5 9. e3 Nd7 10. a3 b6 11. Ne1 e5 12. Ndf3 Qe7 13. Nd3 exd4 14. exd4 Bb7 15. c4
Rac8 16. a4 Qf7 17. Rc1 Rfe8 18. Rc2 c5 19. dxc5 Bxb2 20. Nxb2 Ndxc5 21. cxd5
Bxd5 22. Ng5 Qb7 23. b4 Rcd8 24. Qc1 Nb3 25. Nxe4 Nxc1 26. Nf6+ Kf7 27. Bxd5+
Rxd5 28. Nxe8 Kxe8 29. Rfxc1 Rd7 30. Rc8+ Kf7 31. b5 Qf3 32. R8c3 Qe4 33. Nc4
Qe2 34. Re3 Rd1+ 35. Rxd1 Qxd1+ 36. Kg2 Qd5+ 37. Re4 {bily vzdal} 0-1

[Event "ProMoPro Open"]
[Site "Praha"]
[Date "2002.09.15"]
[Round "9.25"]
[White "Tolar, Vladislav"]
[Black "Voglova, Eva"]
[Result "1-0"]
[WhiteElo "1694"]
[BlackElo "1690"]
[PlyCount "73"]
[EventDate "2002.09.07"]

1. d4 Nf6 2. c4 g6 3. Nc3 Bg7 4. e4 d6 5. f3 O-O 6. Bg5 Nbd7 7. Qd2 Re8 8. Nge2
e5 9. d5 a5 10. Na4 b6 11. g4 Ba6 12. Nec3 h6 13. Be3 Nh7 14. O-O-O g5 15. Bd3
Ndf8 16. h4 f6 17. h5 Nd7 18. Qc2 Nhf8 19. Nb5 Nc5 20. Bf1 Nfd7 21. Kd2 Nxa4
22. Qxa4 Nc5 23. Bxc5 bxc5 24. Na3 Qb8 25. Qc2 Qb4+ 26. Qc3 Reb8 27. Rb1 Rb7
28. Bd3 Rab8 29. Nc2 Qa4 30. Na3 Rb4 31. Rhc1 Bf8 32. Ke3 Kf7 33. Kd2 Be7 34.
Ke3 Ke8 35. Kd2 Bd8 36. Ke3 Qd7 37. Nc2 {cerna prekrocila cas} 1-0

[Event "ProMoPro Open"]
[Site "Praha"]
[Date "2002.09.15"]
[Round "9.11"]
[White "Podbrdsky, Pavel"]
[Black "masek, Miroslav"]
[Result "1-0"]
[WhiteElo "2105"]
[BlackElo "2204"]
[PlyCount "141"]
[EventDate "2002.09.07"]

1. Nf3 Nf6 2. g3 d5 3. d4 Bf5 4. c4 e6 5. Bg2 c6 6. Nc3 Nbd7 7. cxd5 exd5 8.
O-O h6 9. Ne5 Nxe5 10. dxe5 Nd7 11. e4 dxe4 12. Qe2 Qa5 13. Nxe4 Qxe5 14. Bf4
Qe6 15. Rad1 Bxe4 16. Bxe4 O-O-O 17. Qd3 g5 18. Bf5 gxf4 19. Bxe6 fxe6 20. Qc3
Rg8 21. Qc4 fxg3 22. hxg3 Re8 23. Rfe1 Nb6 24. Qc2 Rg5 25. Re4 Nd5 26. a3 Kd7
27. Qb3 b5 28. Qe3 Bd6 29. Qxa7+ Bc7 30. a4 bxa4 31. Rxa4 Rb8 32. Rf4 Rg7 33.
Rc4 Rxb2 34. Rd3 Rf7 35. Kg2 Rb6 36. Rh4 Rh7 37. Qa2 Bd8 38. Ra4 h5 39. Ra7+
Bc7 40. Qe2 Kd6 41. Qe4 Rf7 42. Rf3 Rxf3 43. Qxf3 Rb5 44. Qf8+ Kd7 45. Ra8 Bb6
46. Re8 Rb2 47. Qf7+ Kd6 48. Rxe6+ Kc5 49. Qd7 Nb4 50. Re5+ Kc4 51. Qe6+ Kc3
52. Re2 Rxe2 53. Qxe2 Nd3 54. Qe6 Bxf2 55. Qxc6+ Kd2 56. Qh6+ Be3 57. Qxh5 Bd4
58. Kf3 Kc3 59. Qa5+ Kc4 60. Qa6+ Kc3 61. g4 Nc5 62. Qc6 Kb3 63. Qd5+ Kc3 64.
g5 Nd3 65. Ke4 Nf2+ 66. Kf5 Nd1 67. Qc6+ Kd3 68. g6 Ne3+ 69. Kg5 Nc4 70. g7
Bxg7 71. Qg6+ {cerny vzdal} 1-0

[Event "ProMoPro Open"]
[Site "Praha"]
[Date "2002.09.15"]
[Round "9.5"]
[White "Urbanek, Stepan"]
[Black "Klicnar, Martin"]
[Result "1/2-1/2"]
[WhiteElo "2096"]
[BlackElo "2225"]
[PlyCount "97"]
[EventDate "2002.09.07"]

1. d4 Nf6 2. c4 g6 3. Nc3 d5 4. Nf3 Bg7 5. Qb3 dxc4 6. Qxc4 O-O 7. e4 c6 8. Qb3
b5 9. e5 Be6 10. exf6 Bxb3 11. fxg7 Kxg7 12. axb3 Nd7 13. Be3 a6 14. Be2 Qc7
15. O-O c5 16. Rfc1 cxd4 17. Nxd4 e5 18. Nf3 Qb7 19. Ng5 Rac8 20. Bf3 Qb8 21.
Nd5 h6 22. Ne4 Rxc1+ 23. Rxc1 Rc8 24. Nc5 Nxc5 25. Rxc5 Rxc5 26. Bxc5 f5 27. b4
Qd8 28. Be7 Qd7 29. Bf6+ Kf7 30. Bxe5 g5 31. g3 Qe6 32. Bc3 Qd6 33. Bg2 Kg6 34.
h4 gxh4 35. gxh4 Kh5 36. Bf6 Kg6 37. Bf3 f4 38. Kg2 Kf5 39. Bc3 Qd8 40. Bf6
Qg8+ 41. Kf1 Qe6 42. Bg2 Qf7 43. Bf3 Qe6 44. Bd4 Qd6 45. Ke2 Qd8 46. Bf6 Qd6
47. Bc3 Qd8 48. Nf6 Qd6 49. Nd5 {remis} 1/2-1/2

[Event "ProMoPro Open"]
[Site "Praha"]
[Date "2002.09.15"]
[Round "9.21"]
[White "Kudrna, Jakub"]
[Black "Bilek, Bernhard"]
[Result "0-1"]
[WhiteElo "1597"]
[BlackElo "1829"]
[PlyCount "42"]
[EventDate "2002.09.07"]

1. d4 c5 2. d5 e5 3. e4 d6 4. c4 Be7 5. Nc3 Bg5 6. Bxg5 Qxg5 7. Nf3 Qg6 8. g3
Bg4 9. Bg2 f5 10. Qd3 Ne7 11. Nh4 Qh6 12. exf5 O-O 13. h3 Bxf5 14. Nxf5 Nxf5
15. O-O Nd7 16. Kh2 a6 17. a4 Nd4 18. a5 Nf6 19. Ne2 Nxe2 20. Qxe2 Rae8 21. Qe3
21... Ng4+ {bily vzdal} 0-1

[Event "ProMoPro Open"]
[Site "Praha"]
[Date "2002.09.15"]
[Round "9.19"]
[White "Vasek, Daniel"]
[Black "Kovar, Josef"]
[Result "1/2-1/2"]
[WhiteElo "1762"]
[BlackElo "1944"]
[PlyCount "48"]
[EventDate "2002.09.07"]

1. e4 e5 2. Nf3 Nc6 3. Bb5 f5 4. Nc3 Nd4 5. Ba4 Bc5 6. d3 Nf6 7. Bg5 c6 8. Qd2
Nxf3+ 9. gxf3 f4 10. Ne2 h6 11. Bxf6 Qxf6 12. c3 Be7 13. d4 d6 14. d5 b5 15.
Bb3 c5 16. a4 b4 17. cxb4 cxb4 18. Qxb4 O-O 19. Bc4 Bh3 20. Qc3 a5 21. Qd3 Rab8
22. b3 Bd8 23. Rg1 Bb6 24. Ra2 24... Qh4 {remis} 1/2-1/2

[Event "ProMoPro Open"]
[Site "Praha"]
[Date "2002.09.15"]
[Round "9.1"]
[White "Hausner, Ivan"]
[Black "Kotek, Daniel"]
[Result "1-0"]
[WhiteElo "2412"]
[BlackElo "2270"]
[PlyCount "69"]
[EventDate "2002.09.07"]

1. c4 e6 2. g3 d5 3. Bg2 Nf6 4. Nf3 dxc4 5. Qa4+ c6 6. Qxc4 b5 7. Qc2 Bb7 8.
Nc3 Nbd7 9. O-O a6 10. Ng5 Qb6 11. a4 b4 12. Nce4 Nd5 13. d3 Be7 14. Nf3 e5 15.
Ned2 f6 16. e4 Nc7 17. Nc4 Qa7 18. Bh3 Nc5 19. d4 exd4 20. Nxd4 O-O 21. Be3 Kh8
22. Na5 b3 23. Ndxb3 Nxb3 24. Qxb3 Bc5 25. Bxc5 Qxc5 26. Nxb7 Qh5 27. Qb6 Rf7
28. Nd6 Re7 29. Bg2 Rd8 30. Nf5 Red7 31. Qxc6 Qe2 32. b4 Ne8 33. b5 g6 34. Qc5
gxf5 35. Qf8# {mat} 1-0

[Event "ProMoPro Open"]
[Site "Praha"]
[Date "2002.09.15"]
[Round "9.6"]
[White "Borik, Juraj"]
[Black "Kubikova, Hana"]
[Result "1-0"]
[WhiteElo "2124"]
[BlackElo "2154"]
[PlyCount "79"]
[EventDate "2002.09.07"]

1. f4 g6 2. Nf3 d5 3. e3 Bg7 4. Be2 Bg4 5. h3 Bxf3 6. Bxf3 e5 7. O-O e4 8. Be2
f5 9. d4 exd3 10. cxd3 c6 11. Kh1 Nf6 12. Qb3 Qb6 13. Qa3 Nbd7 14. Nc3 Bf8 15.
Qa4 Qb4 16. Qc2 Bg7 17. Bd2 Qe7 18. Bf3 O-O 19. e4 fxe4 20. dxe4 dxe4 21. Nxe4
Nxe4 22. Bxe4 Nf6 23. Bd3 Rad8 24. Rf3 Nd5 25. Qb3 Kh8 26. Re1 Qd7 27. a4 a6
28. a5 Qc7 29. f5 Qd7 30. Ref1 gxf5 31. Bxf5 Qc7 32. Qc2 Qe5 33. Qc4 Nf6 34.
Bc3 Qc7 35. Qh4 Rd5 36. Bc2 Rf7 37. Rxf6 Bxf6 38. Rxf6 Kg8 39. Rxf7 Qxf7 40.
Bb3 1-0

[Event "ProMoPro Open"]
[Site "Praha"]
[Date "2002.09.15"]
[Round "9.4"]
[White "Cvicela, Anton"]
[Black "Taborsky, Rostislav"]
[Result "0-1"]
[WhiteElo "2140"]
[BlackElo "2236"]
[PlyCount "80"]
[EventDate "2002.09.07"]

1. e4 c5 2. Nf3 d6 3. d4 cxd4 4. Nxd4 Nf6 5. Nc3 Nc6 6. Bc4 Qb6 7. Nb3 e6 8.
O-O Be7 9. Be3 Qc7 10. f4 a6 11. a4 b6 12. Qe2 O-O 13. Rad1 Re8 14. h3 Bb7 15.
Nd4 { } 15... d5 16. Bd3 Bc5 17. Nxc6 Qxc6 18. Bxc5 Qxc5+ 19. Kh2 d4 20. Nb1 e5
21. f5 Bc6 22. b3 b5 23. axb5 Bxb5 24. Nd2 Qxc2 25. Bxb5 axb5 26. g4 h6 27. h4
Ra2 28. Rf2 h5 29. gxh5 Qc3 30. Rf3 Ng4+ 31. Kh3 Ne3 32. Qxb5 Rc8 33. Qxe5 Nxd1
34. h6 d3 35. Qg3 Qf6 36. Rxd3 Qxh6 37. e5 Rxd2 38. Rf3 Nf2+ 39. Rxf2 Rxf2 40.
Qxf2 40... Rc3+ {bily vzdal} 0-1

[Event "ProMoPro Open"]
[Site "Praha"]
[Date "2002.09.15"]
[Round "9.12"]
[White "Kucera, Tomas"]
[Black "Rous, Frantisek"]
[Result "1-0"]
[WhiteElo "2133"]
[BlackElo "2083"]
[PlyCount "91"]
[EventDate "2002.09.07"]

1. e4 e5 2. Nf3 Nc6 3. d4 exd4 4. c3 d5 5. exd5 Qxd5 6. cxd4 Bb4+ 7. Nc3 Bg4 8.
Be2 Nge7 9. O-O Qa5 10. d5 Rd8 11. Qb3 Nxd5 12. Nxd5 Rxd5 13. a3 Be7 14. Qxb7
Nd8 15. Qa8 c6 16. Be3 O-O 17. b4 Qc7 18. Qxa7 Qxa7 19. Bxa7 Ne6 20. Be3 Ra8
21. h3 Bf5 22. Bc4 Rdd8 23. Ne5 Bf6 24. f4 g5 25. Nxc6 Bd3 26. Nxd8 Bxc4 27.
Nxe6 Bxa1 28. Rxa1 fxe6 29. fxg5 Kf7 30. g4 Ke7 31. Rc1 Bd5 32. Rc7+ Kd6 33.
Rxh7 Rxa3 34. Bc5+ Ke5 35. g6 Be4 36. Rh6 Kf4 37. g7 37... Kg3 { } 38. Bd6+ Kf3
39. Rf6+ Bf5 40. Be5 Re3 41. Rxf5+ exf5 42. Bd4 Re1+ 43. Kh2 Re2+ 44. Kh1 Re1+
45. Bg1 Re8 46. gxf5 {cerny vzdal} 1-0